Vyšetrovanie pórovej štruktúry adsorbentov na separáciu monoklonálnych protilátok + CD-ROM

Salvato in:
Dettagli Bibliografici
Autore principale: Tatárová, Ivana
Natura: Libro
Lingua:slovacco
Pubblicazione: Bratislava STU v Bratislave FCHPT 2005
Accesso online:Visualizza in OPAC
Tags: Aggiungi Tag
Nessun Tag, puoi essere il primo ad aggiungerne!!

MARC

LEADER 00000nam a2200000 a 4500
005 20260127134301.0
008 050711 2005 xo 000 0 slo d
035 |a vtls008183344 
039 9 |y 200507110904  |z mschk03 
040 |a STUSCHK1  |b slo  |c STUSCHK1  |e AACR2 
100 1 |a Tatárová, Ivana 
245 1 |a Vyšetrovanie pórovej štruktúry adsorbentov na separáciu monoklonálnych protilátok  |b + CD-ROM 
260 |a Bratislava  |b STU v Bratislave FCHPT  |c 2005 
300 |a 88 s. 
500 |a Obháj.: 7.6. 2005 
500 |a Špec.: Chemické inžinierstvo 
910 |a SCHK95 
999 |c 8723  |d 8723